|
|
|
|
| LEADER |
00838nab a2200241 i 4500 |
| 001 |
misc68504 |
| 005 |
20230124121431.0 |
| 008 |
220610s1968 hu o 0|| fre d |
| 040 |
|
|
|a SZTE Miscellanea Repozitórium
|b hun
|
| 041 |
|
|
|a fre
|
| 041 |
|
|
|a mon
|
| 100 |
1 |
|
|a Ligeti Lajos
|
| 245 |
1 |
2 |
|a A propos du "Manuscrit de Zirni"
|h [elektronikus dokumentum] /
|c Ligeti Lajos
|
| 260 |
|
|
|c 1968
|
| 300 |
|
|
|a 17-44
|c 21 cm
|
| 300 |
|
|
|a [28] p.
|c 21 cm
|
| 490 |
0 |
|
|a Asiatic studies in honour of Dr. Jitsuzo Tamura, on the occasion of his sixty-fourth birthday
|
| 561 |
|
|
|a Németh Gyula hagyaték
|
| 591 |
|
|
|a LOA 2224;OA 3261
|
| 650 |
|
4 |
|a Bölcsészettudományok
|
| 650 |
|
4 |
|a Nyelvek és irodalom
|
| 695 |
|
|
|a Mongol nyelv - Afganisztán - szókészlettan
|
| 856 |
4 |
0 |
|u http://misc.bibl.u-szeged.hu/68504/1/3261_oa_l60.pdf
|z Dokumentum-elérés
|